| 000 | 00581nam a2200181 4500 | ||
|---|---|---|---|
| 003 | LK-CoMWRAF | ||
| 005 | 20231130123300.0 | ||
| 008 | 231130b |||||||| |||| 00| 0 eng d | ||
| 040 |
_aLK-CoMWRAF _dLK-CoMWRAF _eLK-CoMWRAF |
||
| 041 | _asin | ||
| 082 |
_a891.483 _bSIN |
||
| 245 |
_aසිඟිති මඟ : _bදෙවැනි කොටස |
||
| 246 | _aSingithi manga : dewani kotasa | ||
| 260 |
_aකොළඹ : _bකතෝලික ප්රකාශණ කේන්ද්රය, _c1977 |
||
| 300 | _aපි. 32 | ||
| 650 | _aළමා කතා | ||
| 942 | _cBK | ||
| 999 |
_c4268 _d4268 |
||